Statistics for Guess the random soccer/football player

Click here to take the quiz!

General Stats

  • This quiz has been taken 28 times
  • The average score is 7 of 16

Answer Stats

Answer% Correct
Eric Bailly
84%
Eberechi Eze
76%
Mousa Dembélé
76%
Edson Alvarez
72%
Samir Handanovic
60%
Borna Sosa
56%
Khéphren Thuram
52%
Khvicha Kvaratskhelia
52%
Phillip Billing
40%
Lewis Hall
36%
Mattia Perin
36%
Robin Le Normand
28%
Boubakary Soumaré
24%
Daizen Maeda
24%
Ruud Vormer
16%
Danilho Doekhi
8%

Score Distribution

Percentile by Number Answered

Percent of People with Each Score

Your Score History

You have not taken this quiz